Nachbarländer Usbekistans - Statistiken

Allgemein
  • Dieses Quiz wurde 53 mal gespielt
  • Das Durchschnittsergebnis liegt bei 5 aus 5
Antwortstatistiken
Länge Antwort % Korrekt
1314 km Kirgisistan
98%
1312 km Tadschikistan
98%
1793 km Turkmenistan
98%
2330 km Kasachstan
96%
144 km Afghanistan
85%
Keine übereinstimmenden Quizze gefunden
Verteilung der Resultate
Anzahl Personen mit jedem Resultat
Perzentil nach korrekt beantworteten Fragen
Ihre Resultats-Entwicklung
Sie haben dieses Quiz noch nicht gespielt